Leer en primaria tú puedes /

Bibliographic Details
Main Author: Mañú Noain, José Manuel
Format: Libro
Language:Spanish
Published: Madrid Universitaria 2007
Series:Yumelia : Familia y educación
Subjects:
Online Access:

MARC

LEADER 00000cam a2200000 a 4500
001 015908
003 UAHC_CL
005 20170803121317.0
008 140923s2007 sp g 000 spa
020 |a 9788484692058 
040 |a UAHC_CL  |c UAHC_CL  |d UAHC_CL 
082 0 4 |a 372.4  |b M478  |2 20 
100 1 |a Mañú Noain, José Manuel 
245 1 0 |a Leer en primaria tú puedes /  |c José Manuel Mañú Noain. 
260 |b Universitaria  |a Madrid  |c 2007 
300 |a 189 p. 
490 0 |a Yumelia : Familia y educación 
650 4 |a LECTURA (EDUCACION BASICA)  |x ENSEÑANZA 
650 4 |a LECTURA (EDUCACION BASICA)  |x PRUEBAS 
653 |a PEDAGOGIA EN EDUCACION BASICA 
900 |a 372.4 MAÑJ 
942 |c BK 
952 |0 0  |1 0  |4 0  |6 372_400000000000000_MAÑJ  |7 0  |8 General  |9 31727  |a BC  |b BC  |c General  |d 2017-08-03  |o 372.4 MAÑJ  |p 1420575  |r 2026-01-13 00:00:00  |t 1  |w 2017-08-03  |y BK 
999 |c 15908  |d 15908